000 01870cam a22005414i 4500
003 PE-LiUPU
005 20250731180156.0
008 150616s1995 miu rb 000 0 eng d
020 _a0801056772
035 _a(Sirsi) i9780801056772
040 _aPE-LiUPU
_bspa
_cPE-LiUPU
_erda
049 _aPRUA
082 0 4 _a573.3
_bL91
_221
100 1 _aLubenow, Marvin L.,
_eautor.
245 1 0 _aBones of Contention :
_ba creationist assessment of human fossils /
_cMarvin L. Lubenow.
264 1 _aGrand Rapids, Michigan :
_bBaker Books,
_c1995.
300 _a295 páginas ;
_c22 centímetros
336 _atext
_2rdacontent
337 _aunmediated
_2rdamedia
338 _avolume
_2rdacarrier
500 _aPaleontología Humana
504 _aIncluye bibliografía.
505 0 _aThe family gathering -- An inexact kind of science -- Dead reckoning -- Monkey business in the family tree -- looks isn't illegitimate children: archaic homo sapiens -- Java man -- The Selenka expedition -- Homus erectus.
526 _aSEG44
526 _aSEG26
526 _aP159
526 _aP155
526 _aP154
526 _aP153
526 _aP150
526 _aP100
526 _aP31
526 _aP30
526 _aP26
526 _aP25
526 _aP24
526 _aP22
526 _aP15
526 _aP10
650 0 4 _aHombre Prehistórico.
910 _ajck
_bjvq
_cjck
942 _2ddc
_cBOOK
949 _a573.3 L91
_wDEWEY
_c1
_i42291
_lCCODEBUL1
_mBUL
_r0
_sY
_tBOOK
_u2015-6-16
_xTEOLOGIA
_zUNKNOWN
_0COMPRA
_o.STAFF. Colección General
994 _aC0
_bPEPRU
596 _a1
999 _a573.3 L91
_wDEWEY
_c60122
_i42291
_f2021-11-5
_g5
_lCCODEBUL1
_mBUL
_p26.74
_r0
_sY
_tBOOK
_u2015-6-16
_xBIBLIOTECA
_PP35
_0COMPRA
_o.STAFF. Colección Teología
_d60122
980 _81
_gALBERTO SANCHEZ Responsable de Automatización